Spanish Foods - Statistics

General Stats
  • This quiz has been taken 83 times
  • The average score is 14 of 20
Answer Stats
Hint Answer % Correct
El pollo chicken
100%
El pan bread
95%
El queso cheese
95%
La hamburguesa Hamburger
95%
La leche milk
95%
El arroz rice
92%
El huevo egg
91%
La manzana apple
89%
La sopa soup
88%
La fresa strawberry
77%
La mantequilla butter
73%
El pastel cake
70%
La pera Pear
56%
El dulce sweet
56%
El filete Steak
55%
La galleta biscuit
38%
El bocadillo sandwich
36%
El cordero lamb
23%
Las tapas snacks
23%
Los fideos noodles
17%
No matching quizzes found
Score Distribution
Percent of People with Each Score
Percentile by Number Answered
Your Score History
You have not taken this quiz